[Event "2. Bundesliga Ost 2010/2011"]
[Site "2+3.10.Zwettl,30.10-1.11.Wien,27+28.11.Wien,29+30.
[Date "2010.11.01"]
[Round "5"]
[Board "2"]
[White "Pinter, Erik"]
[Black "Fodor, Tamas"]
[Result "1/2-1/2"]
[WhiteElo "2379"]
[BlackElo "2451"]
[PlyCount "93"]
[EventDate "2010.10.02"]
[EventType "team"]
[EventRounds "11"]
[EventCountry "AUT"]
[WhiteTeam "Blackburne Nickelsdorf"]
[BlackTeam "ASVOE SK Mattersburg"]

1.e4 e5 2.Nf3 Nc6 3.Bb5 a6 4.Ba4 Nf6 5.O-O Be7 6.Re1 b5 7.Bb3 d6 8.c3 O-O 9.h3
Na5 10.Bc2 c5 11.d4 Qc7 12.Nbd2 Re8 13.Nf1 Bd7 14.Ng3 g6 15.b3 Rac8 16.Re2 Bf8
17.d5 Bg7 18.Nh2 Nb7 19.b4 a5 20.a3 Kh8 21.Rb1 Ra8 22.Bd3 axb4 23.cxb4 c4 24.Bc2
Ng8 25.Re1 Rf8 26.Ne2 f5 27.Nc3 Nf6 28.g4 fxg4 29.hxg4 h5 30.g5 Nh7 31.Qd2 Rf7
32.Kh1 Bf8 33.Rg1 Be7 34.f3 Raf8 35.Ne2 Rxf3 36.Nxf3 Rxf3 37.Rg3 Bg4 38.Rxf3
Bxf3+ 39.Kh2 Nxg5 40.Nf4 Bg4 41.Nxg6+ Kg7 42.Nh4 Qb6 43.Qe1 Nd8 44.Qg3 Ndf7
45.Be3 Qb7 46.Rf1 Bd8 47.Nf5+ 1/2-1/2

[Event "2. Bundesliga Ost 2010/2011"]
[Site "2+3.10.Zwettl,30.10-1.11.Wien,27+28.11.Wien,29+30.
[Date "2010.11.01"]
[Round "5"]
[Board "3"]
[White "Petran, Peter"]
[Black "Vlcek, Stanislav"]
[Result "1-0"]
[WhiteElo "2325"]
[BlackElo "2257"]
[PlyCount "57"]
[EventDate "2010.10.02"]
[EventType "team"]
[EventRounds "11"]
[EventCountry "AUT"]
[WhiteTeam "ASVOE SK Mattersburg"]
[BlackTeam "Blackburne Nickelsdorf"]

1.g3 g6 2.Bg2 Bg7 3.d4 c5 4.dxc5 Qa5+ 5.Bd2 Qxc5 6.Nc3 Nf6 7.e4 d6 8.h3 Bd7
9.Nge2 Qc8 10.Be3 Nc6 11.f4 O-O 12.Qd2 b5 13.Nxb5 Rb8 14.c4 Be6 15.Rc1 Qa6 16.b3
Nd7 17.Nc7 Qa3 18.O-O Nc5 19.Nxe6 Nxe6 20.Rf2 Nb4 21.Nc3 Nc5 22.Nb5 Rxb5 23.cxb5
Ncd3 24.Rc7 Nxf2 25.Rxa7 Qb2 26.Qxb2 Bxb2 27.Bxf2 e5 28.Bf1 Nc2 29.Bc4 1-0

[Event "2. Bundesliga Ost 2010/2011"]
[Site "2+3.10.Zwettl,30.10-1.11.Wien,27+28.11.Wien,29+30.
[Date "2010.11.01"]
[Round "5"]
[Board "4"]
[White "Koffler, Daniel"]
[Black "Brod, Manfred"]
[Result "1/2-1/2"]
[WhiteElo "2199"]
[BlackElo "2183"]
[PlyCount "60"]
[EventDate "2010.10.02"]
[EventType "team"]
[EventRounds "11"]
[EventCountry "AUT"]
[WhiteTeam "Blackburne Nickelsdorf"]
[BlackTeam "ASVOE SK Mattersburg"]

1.d4 d5 2.c4 dxc4 3.e4 Nf6 4.e5 Nd5 5.Bxc4 Nb6 6.Bd3 Nc6 7.Be3 Be6 8.Nc3 Nb4
9.Be4 N4d5 10.Nf3 Nxc3 11.bxc3 Bd5 12.Bd3 Qd7 13.O-O Qc6 14.a4 Bc4 15.a5 Nd7
16.Bxc4 Qxc4 17.Ra4 Qa6 18.Qb3 e6 19.Rb1 Rb8 20.c4 Be7 21.Nd2 O-O 22.Bf4 Rfd8
23.Ne4 Nf8 24.d5 Nd7 25.d6 cxd6 26.exd6 Bf8 27.c5 Qc6 28.Rc1 Rdc8 29.Rac4 Qd5
30.Qe3 e5 1/2-1/2

[Event "2. Bundesliga Ost 2010/2011"]
[Site "2+3.10.Zwettl,30.10-1.11.Wien,27+28.11.Wien,29+30.
[Date "2010.11.01"]
[Round "5"]
[Board "5"]
[White "Riedner, Martin"]
[Black "Steinert, Martin"]
[Result "0-1"]
[WhiteElo "2146"]
[BlackElo "2081"]
[PlyCount "88"]
[EventDate "2010.10.02"]
[EventType "team"]
[EventRounds "11"]
[EventCountry "AUT"]
[WhiteTeam "ASVOE SK Mattersburg"]
[BlackTeam "Blackburne Nickelsdorf"]

1.d4 Nf6 2.Bf4 d6 3.e3 g6 4.h3 Bg7 5.Nf3 c5 6.c3 O-O 7.Be2 Nbd7 8.O-O b6 9.Nbd2
Bb7 10.a4 Re8 11.Bh2 a6 12.Qb1 Ra7 13.e4 Qa8 14.Bd3 cxd4 15.cxd4 e5 16.dxe5 Nxe5
17.Bxe5 dxe5 18.Re1 Nd7 19.Bc4 Nc5 20.Ng5 Bc8 21.Qa2 Ne6 22.Bd5 Qb8 23.Ndf3 h6
24.Nxe6 Bxe6 25.Rad1 b5 26.a5 Rc7 27.Bxe6 Rxe6 28.Rd2 Rc4 29.b3 Rc3 30.Red1 Bf6
31.Rd5 Qc7 32.R1d2 Qe7 33.R5d3 Qb4 34.Rxc3 Qxc3 35.Rc2 Qb4 36.Rc8+ Kg7 37.Qc2
Qxa5 38.Ra8 Rd6 39.h4 Qb6 40.Qb2 Qb7 41.Re8 Qxe4 42.Qa3 Rd1+ 43.Kh2 b4 44.Qxa6
Qf4+ 0-1

[Event "2. Bundesliga Ost 2010/2011"]
[Site "2+3.10.Zwettl,30.10-1.11.Wien,27+28.11.Wien,29+30.
[Date "2010.11.01"]
[Round "5"]
[Board "6"]
[White "Bachofner, Christian"]
[Black "Salamon, Werner"]
[Result "1/2-1/2"]
[WhiteElo "2076"]
[BlackElo "2152"]
[PlyCount "60"]
[EventDate "2010.10.02"]
[EventType "team"]
[EventRounds "11"]
[EventCountry "AUT"]
[WhiteTeam "Blackburne Nickelsdorf"]
[BlackTeam "ASVOE SK Mattersburg"]

1.Nf3 Nf6 2.d4 d5 3.g3 Bf5 4.Bg2 c6 5.O-O e6 6.b3 h6 7.Bb2 Be7 8.Nbd2 O-O 9.c4
Nbd7 10.Ne5 a5 11.Nxd7 Qxd7 12.a3 Rfd8 13.Re1 Qc7 14.Qc1 Rac8 15.Qc3 Qb6 16.Rad1
c5 17.e3 cxd4 18.exd4 Bf8 19.c5 Qc7 20.Rc1 b6 21.b4 axb4 22.axb4 bxc5 23.bxc5
Ra8 24.Ra1 Qc6 25.h3 Rdb8 26.Rxa8 Rxa8 27.Ra1 Rb8 28.Ra3 Nd7 29.Rb3 Rc8 30.f4 f6
1/2-1/2

[Event "2. Bundesliga Ost 2010/2011"]
[Site "2+3.10.Zwettl,30.10-1.11.Wien,27+28.11.Wien,29+30.
[Date "2010.11.27"]
[Round "6"]
[Board "1"]
[White "Hodisch, Juri"]
[Black "Zilka, Stepan"]
[Result "1/2-1/2"]
[WhiteElo "2393"]
[BlackElo "2479"]
[PlyCount "122"]
[EventDate "2010.10.02"]
[EventType "team"]
[EventRounds "11"]
[EventCountry "AUT"]
[WhiteTeam "Aljechin/Wieden"]
[BlackTeam "Blackburne Nickelsdorf"]

1.d4 Nf6 2.c4 e6 3.Nc3 Bb4 4.e3 c5 5.Nf3 O-O 6.Bd3 d5 7.O-O Nc6 8.Ne2 cxd4
9.exd4 dxc4 10.Bxc4 a6 11.Bg5 h6 12.Bh4 b5 13.Bd3 Be7 14.a3 Bb7 15.Rc1 Nh5
16.Be4 Bxh4 17.Bxc6 Bxc6 18.Rxc6 Be7 19.Qb3 Bd6 20.Ne5 Nf6 21.Nf4 Re8 22.Rfc1
Qb8 23.Nfd3 Nd5 24.g3 Ra7 25.R6c2 Qa8 26.Nc5 Nb6 27.a4 Bxc5 28.dxc5 Nxa4 29.Qe3
f6 30.Nd3 Qd8 31.b3 Rd7 32.Ne1 Nxc5 33.Rxc5 Qe7 34.Nf3 e5 35.Qe4 Red8 36.Rc8 a5
37.Qa8 e4 38.Rxd8+ Rxd8 39.Rc8 Rxc8 40.Qxc8+ Kf7 41.Nd4 e3 42.Qc2 exf2+ 43.Kxf2
Qa7 44.Ke3 a4 45.Kd3 Qa5 46.Nc6 Qe1 47.bxa4 bxa4 48.Qc4+ Kg6 49.Qxa4 Qf1+ 50.Kc3
Qe1+ 51.Kb2 Qd2+ 52.Qc2+ Qxc2+ 53.Kxc2 Kf5 54.Kd3 Kg4 55.Nd4 h5 56.Ke3 Kh3
57.Nf3 Kg2 58.Kf4 g5+ 59.Ke4 Kf2 60.Nd4 Kg2 61.Nf3 Kf2 1/2-1/2

[Event "2. Bundesliga Ost 2010/2011"]
[Site "2+3.10.Zwettl,30.10-1.11.Wien,27+28.11.Wien,29+30.
[Date "2010.11.27"]
[Round "6"]
[Board "2"]
[White "Vlcek, Stanislav"]
[Black "Heiny, Johannes"]
[Result "1-0"]
[WhiteElo "2257"]
[BlackElo "2263"]
[PlyCount "99"]
[EventDate "2010.10.02"]
[EventType "team"]
[EventRounds "11"]
[EventCountry "AUT"]
[WhiteTeam "Blackburne Nickelsdorf"]
[BlackTeam "Aljechin/Wieden"]

1.e4 e6 2.d3 d5 3.Nd2 Nf6 4.Ngf3 b6 5.c3 Be7 6.g3 dxe4 7.dxe4 Bb7 8.Qc2 Nbd7
9.Be2 Nc5 10.e5 Ng4 11.O-O O-O 12.h3 Nh6 13.b4 Nd7 14.Rd1 Qe8 15.Ne4 Nf5 16.Bb5
c6 17.Bd3 a5 18.g4 Nh4 19.Nxh4 Bxh4 20.Nd6 Qb8 21.Bxh7+ Kh8 22.f4 axb4 23.cxb4
Be7 24.Be4 Bxd6 25.Rxd6 Nf6 26.Bd3 Ba6 27.Bxa6 Rxa6 28.Qd3 Ne8 29.Qxa6 Nxd6
30.exd6 Qxd6 31.Be3 e5 32.Qxb6 exf4 33.Qc5 Qb8 34.Bd4 Re8 35.Rf1 Re2 36.Qg5 f6
37.Qxf4 Qxb4 38.Bxf6 Qxf4 39.Rxf4 gxf6 40.Rxf6 c5 41.Rf2 Re3 42.Kg2 Ra3 43.Rc2
Ra5 44.Kg3 Kg7 45.a4 Kf6 46.Rc4 Ke5 47.g5 Kd5 48.Rg4 c4 49.g6 c3 50.g7 1-0

[Event "2. Bundesliga Ost 2010/2011"]
[Site "2+3.10.Zwettl,30.10-1.11.Wien,27+28.11.Wien,29+30.
[Date "2010.11.27"]
[Round "6"]
[Board "3"]
[White "Groetz, Harald"]
[Black "Bachofner, Andreas"]
[Result "0-1"]
[WhiteElo "2321"]
[BlackElo "2243"]
[PlyCount "156"]
[EventDate "2010.10.02"]
[EventType "team"]
[EventRounds "11"]
[EventCountry "AUT"]
[WhiteTeam "Aljechin/Wieden"]
[BlackTeam "Blackburne Nickelsdorf"]

1.e4 e6 2.d4 d5 3.Nd2 Nf6 4.Bd3 c5 5.e5 Nfd7 6.c3 Nc6 7.Ne2 cxd4 8.cxd4 f6
9.exf6 Nxf6 10.Nf3 Bd6 11.O-O Qc7 12.Bg5 O-O 13.Rc1 Ng4 14.Ng3 g6 15.a3 Qg7
16.Be2 h6 17.Bd2 Bd7 18.b4 a6 19.Bc3 Bf4 20.Rb1 h5 21.Bd3 e5 22.dxe5 Ngxe5
23.Nxe5 Bxe5 24.Bxe5 Nxe5 25.Qb3 Kh8 26.Be2 h4 27.Nh1 d4 28.f4 Ng4 29.Qh3 Ne3
30.Qxh4+ Qh7 31.Qxh7+ Kxh7 32.Rfc1 Bc6 33.g3 Be4 34.Rc7+ Kh8 35.Rbc1 d3 36.Bxd3
Bxd3 37.R7c3 Rad8 38.Nf2 Bb5 39.Rxe3 Rd2 40.Rc7 Rfd8 41.Rcc3 Ra2 42.g4 Bc6
43.Nd3 Rg2+ 44.Kf1 Rxh2 45.Nf2 Rd2 46.Rh3+ Rxh3 47.Rxh3+ Kg7 48.Re3 Rd4 49.Nh3
Bd7 50.Kg2 Bxg4 51.Nf2 Bd7 52.Kg3 Bc6 53.Re7+ Kf8 54.Re5 Rd2 55.Re3 Ra2 56.Rd3
Ra1 57.Nh3 Ke7 58.Re3+ Kd6 59.Kh4 Bd7 60.Kg5 Bf5 61.Nf2 Kd5 62.Kf6 Kd4 63.Rg3
Rf1 64.Nh3 Bxh3 65.Rxh3 Rxf4+ 66.Kg5 Rf7 67.Kxg6 Rc7 68.Kf5 Rc3 69.Rh4+ Kd5
70.Rh7 b5 71.Rd7+ Kc4 72.Ke5 Re3+ 73.Kf4 Rxa3 74.Ke4 Kxb4 75.Kd4 Ra1 76.Ra7 Rd1+
77.Ke3 a5 78.Ke2 Rd8 0-1

[Event "2. Bundesliga Ost 2010/2011"]
[Site "2+3.10.Zwettl,30.10-1.11.Wien,27+28.11.Wien,29+30.
[Date "2010.11.27"]
[Round "6"]
[Board "4"]
[White "Rihtar, Gottfried"]
[Black "Schlosser, Michael"]
[Result "0-1"]
[WhiteElo "2167"]
[BlackElo "2331"]
[PlyCount "46"]
[EventDate "2010.10.02"]
[EventType "team"]
[EventRounds "11"]
[EventCountry "AUT"]
[WhiteTeam "Blackburne Nickelsdorf"]
[BlackTeam "Aljechin/Wieden"]

1.c4 e5 2.Nc3 Nc6 3.g3 f5 4.Bg2 Bc5 5.e3 Nf6 6.d3 a5 7.Nge2 d6 8.O-O O-O 9.b3
Kh8 10.Bb2 Qe8 11.d4 Bb6 12.Rc1 Bd7 13.Na4 Ba7 14.c5 e4 15.cxd6 cxd6 16.Ba3 Qb8
17.f3 b5 18.fxe4 bxa4 19.e5 Nxe5 20.Bxa8 Qxa8 21.Bxd6 Neg4 22.Bxf8 Nxe3 23.Qd3
Qg2# 0-1

[Event "2. Bundesliga Ost 2010/2011"]
[Site "2+3.10.Zwettl,30.10-1.11.Wien,27+28.11.Wien,29+30.
[Date "2010.11.27"]
[Round "6"]
[Board "5"]
[White "Albadri, Abd Al Sattar"]
[Black "Steinert, Martin"]
[Result "1/2-1/2"]
[WhiteElo "2226"]
[BlackElo "2081"]
[PlyCount "101"]
[EventDate "2010.10.02"]
[EventType "team"]
[EventRounds "11"]
[EventCountry "AUT"]
[WhiteTeam "Aljechin/Wieden"]
[BlackTeam "Blackburne Nickelsdorf"]

1.d4 Nf6 2.Nf3 d6 3.c4 g6 4.Nc3 Bg7 5.e4 O-O 6.Be2 e5 7.dxe5 dxe5 8.Qxd8 Rxd8
9.Bg5 Re8 10.Nd5 Nxd5 11.cxd5 c6 12.Bc4 Bd7 13.O-O cxd5 14.Bxd5 Bc6 15.Rfd1 Bxd5
16.Rxd5 Nc6 17.Rd7 Rab8 18.Rad1 f6 19.Be3 Bf8 20.a3 b6 21.Rc7 Rbc8 22.Rdd7 Red8
23.Kf1 Rxd7 24.Rxc8 Nd8 25.g4 Bd6 26.g5 f5 27.exf5 gxf5 28.g6 Kg7 29.Bg5 Ne6
30.gxh7 Kxh7 31.Bf6 e4 32.Nh4 Bf8 33.Re8 Nf4 34.Rd8 Rxd8 35.Bxd8 Bg7 36.b4 Ne6
37.Be7 Nd4 38.a4 a6 39.Bd8 b5 40.axb5 axb5 41.Bb6 Bf6 42.Bxd4 Bxh4 43.Ke2 Bg5
44.f3 Kg6 45.fxe4 fxe4 46.Bf2 Be7 47.Bc5 Bg5 48.Bf2 Be7 49.Be1 Bg5 50.h4 Be7
51.Ke3 1/2-1/2

[Event "2. Bundesliga Ost 2010/2011"]
[Site "2+3.10.Zwettl,30.10-1.11.Wien,27+28.11.Wien,29+30.
[Date "2010.11.27"]
[Round "6"]
[Board "6"]
[White "Bachofner, Christian"]
[Black "Batyte, Daiva"]
[Result "1/2-1/2"]
[WhiteElo "2076"]
[BlackElo "2167"]
[PlyCount "116"]
[EventDate "2010.10.02"]
[EventType "team"]
[EventRounds "11"]
[EventCountry "AUT"]
[WhiteTeam "Blackburne Nickelsdorf"]
[BlackTeam "Aljechin/Wieden"]

1.e4 e5 2.Nf3 Nf6 3.Nc3 Nc6 4.g3 d5 5.exd5 Nxd5 6.Bg2 Nxc3 7.bxc3 Be7 8.d3 O-O
9.O-O f5 10.Qe2 Bf6 11.Rb1 Rb8 12.Bb2 Re8 13.Rfe1 Be6 14.c4 Bf7 15.Nd2 Nb4
16.Nb3 b5 17.cxb5 Nxa2 18.Bc6 Re6 19.Qd2 e4 20.Qa5 Nb4 21.Bxf6 Rxf6 22.Qxb4 Rxc6
23.Nd4 Rcb6 24.Qc5 Qd6 25.Qxd6 cxd6 26.dxe4 fxe4 27.Rxe4 Bc4 28.Re7 R6b7 29.Rxb7
Rxb7 30.Rb4 d5 31.c3 Kf7 32.Ra4 Bxb5 33.Nxb5 Rxb5 34.Rxa7+ Kf6 35.Rc7 Rb1+
36.Kg2 Rc1 37.Rd7 Rxc3 38.Rxd5 h6 39.h4 Rc6 40.g4 g6 41.Kg3 Ra6 42.Rd7 Ra5
43.Rh7 h5 44.g5+ Ke5 45.Re7+ Kd5 46.Rf7 Ra3+ 47.Rf3 Ra6 48.Re3 Ra4 49.f4 Ra1
50.Re5+ Kd6 51.Rb5 Ra3+ 52.Kg2 Kc6 53.Re5 Kd6 54.Rb5 Kc6 55.Rb8 Kd5 56.Re8 Ra2+
57.Kg3 Ra3+ 58.Kg2 Ra2+ 1/2-1/2

[Event "2. Bundesliga Ost 2010/2011"]
[Site "2+3.10.Zwettl,30.10-1.11.Wien,27+28.11.Wien,29+30.
[Date "2010.11.27"]
[Round "6"]
[Board "1"]
[White "Videki, Sandor"]
[Black "Papp, Gabor"]
[Result "0-1"]
[WhiteElo "2441"]
[BlackElo "2526"]
[PlyCount "148"]
[EventDate "2010.10.02"]
[EventType "team"]
[EventRounds "11"]
[EventCountry "AUT"]
[WhiteTeam "Spg Data Technology Eichgraben/P."]
[BlackTeam "ASVOE SK Mattersburg"]

1.Nf3 Nf6 2.c4 e6 3.Nc3 Bb4 4.Qc2 d5 5.a3 Bxc3 6.Qxc3 O-O 7.e3 b6 8.b4 Bb7 9.Bb2
Nbd7 10.Be2 c5 11.O-O Rc8 12.d3 Qe7 13.Rfe1 Rfe8 14.Ne5 Nxe5 15.Qxe5 Red8 16.Bc3
Ne8 17.bxc5 dxc4 18.dxc4 bxc5 19.Ba5 Rd7 20.Red1 f6 21.Qb2 Nd6 22.Rd2 Bc6 23.Qc2
Rb8 24.Rad1 Rbb7 25.f3 Nf5 26.Kf2 Nd6 27.Bc3 e5 28.e4 Nf7 29.Rxd7 Rxd7 30.Rxd7
Qxd7 31.Qb2 Ng5 32.Qd2 Qxd2 33.Bxd2 Ne6 34.Bd1 Kf7 35.Ke3 g6 36.g3 Nd4 37.Bc3
Bd7 38.Ba5 Bh3 39.Kd2 Bf1 40.f4 Bxc4 41.Bc3 Ke6 42.Ke3 Ba2 43.Bb2 Kd6 44.h4 Bb1
45.h5 g5 46.h6 Ne6 47.fxe5+ fxe5 48.Bb3 Nf8 49.Bg8 Bc2 50.Bc3 Bd1 51.Ba5 Bg4
52.Bf7 Kd7 53.Bc3 Ke7 54.Bc4 Be6 55.Be2 Nd7 56.Bb5 Nf6 57.Kf3 Ng4 58.Ba5 Nxh6
59.Bc7 Nf7 60.Bb8 Nd6 61.Ba6 Kd7 62.Bxa7 Kc6 63.Bb8 h5 64.a4 h4 65.gxh4 gxh4
66.a5 c4 67.Ba7 h3 68.Bg1 Nb5 69.Bh2 Nc7 70.Bxc4 Bxc4 71.Bxe5 Be6 72.Bh2 Bc8
73.Kf4 Ne6+ 74.Ke5 Kb5 0-1

[Event "2. Bundesliga Ost 2010/2011"]
[Site "2+3.10.Zwettl,30.10-1.11.Wien,27+28.11.Wien,29+30.
[Date "2010.11.27"]
[Round "6"]
[Board "2"]
[White "Fodor, Tamas"]
[Black "Ganaus, Hannes"]
[Result "1-0"]
[WhiteElo "2451"]
[BlackElo "2310"]
[PlyCount "107"]
[EventDate "2010.10.02"]
[EventType "team"]
[EventRounds "11"]
[EventCountry "AUT"]
[WhiteTeam "ASVOE SK Mattersburg"]
[BlackTeam "Spg Data Technology Eichgraben/P."]

1.d4 d5 2.c4 c6 3.Nf3 Nf6 4.e3 Bf5 5.Nc3 e6 6.Qb3 Qb6 7.c5 Qc7 8.Nh4 Bg4 9.h3
Bh5 10.g4 Bg6 11.Nxg6 hxg6 12.Bg2 Nbd7 13.f4 b6 14.cxb6 Qxb6 15.Qa4 Bd6 16.O-O
Rc8 17.b3 Qb8 18.Ba3 Bxa3 19.Qxa3 c5 20.dxc5 Nxc5 21.Na4 Nd3 22.Nb2 Nxb2 23.Qxb2
Qb6 24.Qd4 Qxd4 25.exd4 Kd7 26.Rfc1 a5 27.Kf2 Ne4+ 28.Ke3 f5 29.g5 Rxc1 30.Rxc1
Rc8 31.Rxc8 Kxc8 32.Bf1 Kd8 33.a3 Nd6 34.Bd3 Ke7 35.Ke2 Kd8 36.b4 axb4 37.axb4
Kc7 38.Bc2 Kb6 39.Ba4 Kc7 40.Kd3 Kc8 41.Bc6 Kc7 42.b5 Kb6 43.Bd7 Nxb5 44.Bxe6
Kc6 45.Bf7 Kd6 46.Bxg6 Ke6 47.Bh7 Nc7 48.h4 Na6 49.h5 Nb4+ 50.Kc3 Nc6 51.Bg8+
Kd6 52.h6 gxh6 53.gxh6 Ne7 54.Bf7 1-0

[Event "2. Bundesliga Ost 2010/2011"]
[Site "2+3.10.Zwettl,30.10-1.11.Wien,27+28.11.Wien,29+30.
[Date "2010.11.27"]
[Round "6"]
[Board "3"]
[White "Neumeier, Klaus"]
[Black "Petran, Peter"]
[Result "1-0"]
[WhiteElo "2374"]
[BlackElo "2325"]
[PlyCount "87"]
[EventDate "2010.10.02"]
[EventType "team"]
[EventRounds "11"]
[EventCountry "AUT"]
[WhiteTeam "Spg Data Technology Eichgraben/P."]
[BlackTeam "ASVOE SK Mattersburg"]

1.e4 g6 2.d4 Bg7 3.Nc3 d6 4.f4 a6 5.Nf3 b5 6.Bd3 Nd7 7.e5 e6 8.O-O Ne7 9.Be3 Bb7
10.Bf2 Nb6 11.Ne4 Rc8 12.b3 b4 13.a3 a5 14.axb4 axb4 15.Qd2 Bxe4 16.Bxe4 Ned5
17.Ne1 c5 18.dxc5 dxc5 19.Ra7 O-O 20.Nd3 Nc3 21.Qe1 Nbd5 22.Nxc5 Nxf4 23.Nd7 Qg5
24.Kh1 Nfd5 25.Nxf8 Bxf8 26.Bxd5 Nxd5 27.Bh4 Qe3 28.Raxf7 Qxe1 29.Bxe1 Bg7
30.Rb7 Ne3 31.Rff7 Bxe5 32.Bxb4 Nxc2 33.Bd2 Nd4 34.Rfe7 Rf8 35.g3 Bf6 36.Rec7 h5
37.Be3 e5 38.Bxd4 exd4 39.Rd7 Re8 40.Rb6 Rf8 41.Kg2 g5 42.b4 g4 43.b5 h4 44.gxh4
1-0

[Event "2. Bundesliga Ost 2010/2011"]
[Site "2+3.10.Zwettl,30.10-1.11.Wien,27+28.11.Wien,29+30.
[Date "2010.11.27"]
[Round "6"]
[Board "4"]
[White "Brod, Manfred"]
[Black "Weissenbeck, Manuel"]
[Result "0-1"]
[WhiteElo "2183"]
[BlackElo "2316"]
[PlyCount "60"]
[EventDate "2010.10.02"]
[EventType "team"]
[EventRounds "11"]
[EventCountry "AUT"]
[WhiteTeam "ASVOE SK Mattersburg"]
[BlackTeam "Spg Data Technology Eichgraben/P."]

1.e4 c5 2.Nf3 d6 3.d4 cxd4 4.Nxd4 Nf6 5.Nc3 a6 6.Be2 e5 7.Nb3 Be7 8.Be3 Be6
9.Qd2 Nbd7 10.f4 exf4 11.Bxf4 Ne5 12.O-O-O Rc8 13.Kb1 Qc7 14.h3 O-O 15.Rhe1 b5
16.Bf1 Rfd8 17.g4 Nf3 18.Qf2 Nxe1 19.Rxe1 b4 20.Nd1 a5 21.Nd4 Nd7 22.Ne3 Ne5
23.Bxe5 dxe5 24.Nxe6 fxe6 25.Bc4 Qd7 26.b3 Bc5 27.Qf5 Re8 28.Qxe5 Bd4 29.Qg5 Bf6
30.Qf5 Rxc4 0-1

[Event "2. Bundesliga Ost 2010/2011"]
[Site "2+3.10.Zwettl,30.10-1.11.Wien,27+28.11.Wien,29+30.
[Date "2010.11.27"]
[Round "6"]
[Board "5"]
[White "Pichler, Michael"]
[Black "Riedner, Martin"]
[Result "1-0"]
[WhiteElo "2253"]
[BlackElo "2146"]
[PlyCount "113"]
[EventDate "2010.10.02"]
[EventType "team"]
[EventRounds "11"]
[EventCountry "AUT"]
[WhiteTeam "Spg Data Technology Eichgraben/P."]
[BlackTeam "ASVOE SK Mattersburg"]

1.e4 Nc6 2.Nf3 e6 3.d4 d5 4.Nc3 Nf6 5.e5 Ne4 6.Bd3 Bb4 7.Bd2 Bxc3 8.bxc3 Nxd2
9.Qxd2 Na5 10.O-O Qe7 11.a4 Bd7 12.Qe3 Rc8 13.Ng5 f5 14.exf6 gxf6 15.Nh3 O-O
16.Nf4 Qf7 17.Qg3+ Qg7 18.Qh4 Rf7 19.Rfe1 e5 20.Nxd5 Kh8 21.Re3 Bc6 22.Rg3 Qf8
23.Nxf6 Qe7 24.dxe5 Rd8 25.Qg5 Rg7 26.Qxg7+ Qxg7 27.Rxg7 Kxg7 28.f4 h6 29.Kf2
Nb3 30.Rd1 Nc5 31.Ke3 Nxa4 32.c4 Nc5 33.g4 a5 34.h4 a4 35.h5 a3 36.Ra1 Ra8
37.Nd5 Ra4 38.Nxc7 a2 39.Nd5 b5 40.Nc3 Ra3 41.Nxb5 Ra8 42.f5 Ra4 43.Nc3 Ra3
44.Rxa2 Rxc3 45.Ra7+ Kf8 46.Rc7 Nxd3 47.cxd3 Be8 48.e6 Rc1 49.d4 Rg1 50.Kf3 Rf1+
51.Kg3 Rg1+ 52.Kh3 Rh1+ 53.Kg2 Rd1 54.d5 Rd3 55.f6 Rd2+ 56.Kg3 Rd3+ 57.Kf2 1-0

[Event "2. Bundesliga Ost 2010/2011"]
[Site "2+3.10.Zwettl,30.10-1.11.Wien,27+28.11.Wien,29+30.
[Date "2010.11.27"]
[Round "6"]
[Board "6"]
[White "Salamon, Werner"]
[Black "Hechl, Gerald"]
[Result "0-1"]
[WhiteElo "2152"]
[BlackElo "2261"]
[PlyCount "118"]
[EventDate "2010.10.02"]
[EventType "team"]
[EventRounds "11"]
[EventCountry "AUT"]
[WhiteTeam "ASVOE SK Mattersburg"]
[BlackTeam "Spg Data Technology Eichgraben/P."]

1.e4 Nf6 2.Nc3 e5 3.Nf3 Bb4 4.Bc4 O-O 5.d3 d5 6.exd5 Nxd5 7.Bd2 Nxc3 8.Bxc3
Bxc3+ 9.bxc3 Qf6 10.O-O Bg4 11.Re1 Nd7 12.Rb1 Nb6 13.Re4 Bxf3 14.Qxf3 Qxf3
15.gxf3 Rfe8 16.Bb3 a5 17.a3 Kf8 18.Ba2 Rad8 19.Rb5 f6 20.Kg2 g5 21.a4 Ra8
22.Bb3 Ra6 23.Ba2 c6 24.Rb2 Re7 25.Bb3 Nc8 26.Rb1 Nd6 27.Re2 Ra8 28.Rbe1 Rae8
29.Kg3 h5 30.h3 Nf5+ 31.Kh2 Nh4 32.Kg3 f5 33.Rd1 f4+ 34.Kh2 Nxf3+ 35.Kh1 g4
36.d4 exd4 37.Rxe7 Rxe7 38.cxd4 Re2 39.Kg2 Nh4+ 40.Kf1 f3 41.hxg4 hxg4 42.Bc4
Re4 43.c3 Ng2 44.Bd3 Re6 45.Bf5 Rh6 46.Kg1 Nf4 47.Bd3 Kg7 48.Bf1 Re6 49.c4 Kf6
50.Kh2 Kg5 51.Kg3 Nh5+ 52.Kh2 Nf6 53.Bd3 Rd6 54.Bc2 Kf4 55.Bb3 Ne4 56.Kg1 Nc3
57.Rd3 Ne2+ 58.Kf1 Nc1 59.Rc3 Nxb3 0-1

[Event "2. Bundesliga Ost 2010/2011"]
[Site "2+3.10.Zwettl,30.10-1.11.Wien,27+28.11.Wien,29+30.
[Date "2010.11.27"]
[Round "6"]
[Board "1"]
[White "Poetz, Florian"]
[Black "Boros, Denez"]
[Result "0-1"]
[WhiteElo "2350"]
[BlackElo "2508"]
[PlyCount "74"]
[EventDate "2010.10.02"]
[EventType "team"]
[EventRounds "11"]
[EventCountry "AUT"]
[WhiteTeam "Niederabsdorf"]
[BlackTeam "Husek Wien"]

1.e4 e5 2.Nf3 Nc6 3.Bb5 a6 4.Ba4 Nf6 5.O-O Be7 6.Re1 b5 7.Bb3 d6 8.c3 O-O 9.h3
Na5 10.Bc2 c5 11.d4 Qc7 12.Nbd2 cxd4 13.cxd4 Be6 14.Nf1 Rac8 15.Ne3 Nc4 16.Re2
Qb7 17.Nf1 Nh5 18.b3 Na5 19.g4 Nf6 20.Bb2 h5 21.g5 Nh7 22.h4 Rfd8 23.Qe1 Bg4
24.N1h2 Qd7 25.Qf1 Nc6 26.Rd2 exd4 27.Nxd4 Nxd4 28.Bxd4 Nf8 29.f3 Bh3 30.Qf2 d5
31.Rad1 Bb4 32.Rd3 dxe4 33.fxe4 Bg4 34.Rf1 Rxc2 35.Qxc2 Ne6 36.Nxg4 hxg4 37.Rfd1
Nxd4 0-1

[Event "2. Bundesliga Ost 2010/2011"]
[Site "2+3.10.Zwettl,30.10-1.11.Wien,27+28.11.Wien,29+30.
[Date "2010.11.27"]
[Round "6"]
[Board "2"]
[White "Mihok, Oliver"]
[Black "Schwarhofer, Christopher"]
[Result "1-0"]
[WhiteElo "2463"]
[BlackElo "2222"]
[PlyCount "61"]
[EventDate "2010.10.02"]
[EventType "team"]
[EventRounds "11"]
[EventCountry "AUT"]
[WhiteTeam "Husek Wien"]
[BlackTeam "Niederabsdorf"]

1.e4 c5 2.Nf3 d6 3.d4 cxd4 4.Nxd4 Nf6 5.Nc3 g6 6.Be3 Bg7 7.f3 O-O 8.Qd2 Nc6
9.Bc4 Bd7 10.Bb3 Qa5 11.O-O-O Rfc8 12.g4 Ne5 13.Kb1 b5 14.h4 Nc4 15.Bxc4 bxc4
16.h5 Rab8 17.Ka1 Qb4 18.Rb1 e5 19.Nde2 Be6 20.hxg6 fxg6 21.a3 Qb7 22.Bh6 Rc6
23.Bxg7 Qxg7 24.g5 Ne8 25.Nd5 Ra6 26.Nec3 Qb7 27.Ka2 Ra5 28.f4 Qa6 29.Ne7+ Kg7
30.f5 Rxb2+ 31.Kxb2 1-0

[Event "2. Bundesliga Ost 2010/2011"]
[Site "2+3.10.Zwettl,30.10-1.11.Wien,27+28.11.Wien,29+30.
[Date "2010.11.27"]
[Round "6"]
[Board "3"]
[White "Schreiner, Peter"]
[Black "Maros, Milan"]
[Result "1/2-1/2"]
[WhiteElo "2257"]
[BlackElo "2329"]
[PlyCount "68"]
[EventDate "2010.10.02"]
[EventType "team"]
[EventRounds "11"]
[EventCountry "AUT"]
[WhiteTeam "Niederabsdorf"]
[BlackTeam "Husek Wien"]

1.d4 d5 2.c4 c6 3.Nf3 Nf6 4.Nc3 a6 5.e3 b5 6.cxd5 cxd5 7.Ne5 e6 8.Bd3 Bb7 9.O-O
Be7 10.a4 b4 11.Nb1 O-O 12.Nd2 Nbd7 13.Nxd7 Qxd7 14.Nf3 Bd6 15.Ne5 Qe7 16.Bd2
Rfc8 17.Qe2 Ne4 18.Rfc1 f6 19.Nf3 a5 20.Be1 Rc7 21.Nd2 Rac8 22.Qd1 Rxc1 23.Rxc1
Rxc1 24.Qxc1 Nxd2 25.Bxd2 Qc7 26.Qxc7 Bxc7 27.Bb5 e5 28.f3 Kf7 29.Be1 Ke6 30.g3
Kd6 31.Kf1 Bb6 32.Bf2 Bc8 33.Ke2 g6 34.g4 Ke6 1/2-1/2

[Event "2. Bundesliga Ost 2010/2011"]
[Site "2+3.10.Zwettl,30.10-1.11.Wien,27+28.11.Wien,29+30.
[Date "2010.11.27"]
[Round "6"]
[Board "4"]
[White "Kalisky, Vladimir"]
[Black "Wolfram, Bernd"]
[Result "1-0"]
[WhiteElo "2273"]
[BlackElo "2186"]
[PlyCount "95"]
[EventDate "2010.10.02"]
[EventType "team"]
[EventRounds "11"]
[EventCountry "AUT"]
[WhiteTeam "Husek Wien"]
[BlackTeam "Niederabsdorf"]

1.e4 c5 2.Nf3 Nc6 3.d4 cxd4 4.Nxd4 g6 5.c4 Nf6 6.Nc3 d6 7.Be2 Nxd4 8.Qxd4 Bg7
9.Be3 O-O 10.Qd2 Be6 11.Rc1 Qa5 12.f3 Rfc8 13.Nd5 Qxd2+ 14.Kxd2 Bxd5 15.cxd5 Nd7
16.b4 Bb2 17.Rc2 Rxc2+ 18.Kxc2 Bg7 19.Bb5 Rc8+ 20.Kb1 Nb6 21.Rc1 Rxc1+ 22.Kxc1
Bc3 23.a3 e6 24.Kc2 Be5 25.h3 exd5 26.exd5 Kf8 27.Kb3 Ke7 28.a4 Bf6 29.a5 Nc8
30.Kc4 Kd8 31.Ba4 Be5 32.Bg5+ f6 33.Be3 g5 34.g4 Kc7 35.Kd3 b6 36.a6 Ne7 37.Kc4
h6 38.Be8 Bg3 39.Bd4 Be5 40.Bf2 Bf4 41.h4 Be5 42.h5 Bb2 43.Bc6 Nxc6 44.dxc6 Kxc6
45.b5+ Kc7 46.Kd5 Bc3 47.Bg3 Be5 48.Bxe5 1-0